书目信息 |
| 题名: |
菩提树下
|
|
| 作者: | 南北 主编 ;钱海燕 绘图 | |
| 分册: | ||
| 出版信息: | 济南 齐鲁书社 2006.06 |
|
| 页数: | 241页 | |
| 开本: | 23cm | |
| 丛书名: | ||
| 单 册: | ||
| 中图分类: | I267 | |
| 科图分类: | ||
| 主题词: | 散文--san wen--中国--现代--选集 | |
| 电子资源: | ||
| ISBN: | 7-5333-1657-6 | |
| 000 | 00848nam0 2200241 450 | |
| 001 | 012007601831 | |
| 005 | 20070509100014.04 | |
| 010 | @a7-5333-1657-6@dCNY35.00 | |
| 100 | @a20070409d2006 km y0chiy0120 ea | |
| 101 | 0 | @achi |
| 102 | @aCN@b370000 | |
| 105 | @aa z 000cy | |
| 200 | 1 | @a菩提树下@Apu ti shu xia@e现代禅意散文选@f南北主编@Fnan bei zhu bian@g钱海燕绘图@Gqian hai yan hui tu |
| 210 | @a济南@c齐鲁书社@d2006.06 | |
| 215 | @a241页@c图@d23cm | |
| 330 | @a本书是一部有关禅意散文的作品集,作者们最重要的一个共同点就是都诗意地栖居在禅——这棵菩提树下。本书是现代禅意散文选。 | |
| 517 | 1 | @a现代禅意散文选@Axian dai chan yi san wen xuan |
| 606 | 0 | @a散文@Asan wen@y中国@z现代@j选集 |
| 690 | @aI267@v4 | |
| 701 | 0 | @a南北@Anan bei@4主编 |
| 702 | 0 | @a钱海燕@Aqian hai yan@4绘图 |
| 801 | 0 | @aCN@c20070509 |
| 905 | @a10447@dI267@eN063 | |
| 菩提树下:现代禅意散文选/南北主编/钱海燕绘图.-济南:齐鲁书社,2006.06 |
| 241页:图;23cm |
| ISBN 7-5333-1657-6:CNY35.00 |
| 本书是一部有关禅意散文的作品集,作者们最重要的一个共同点就是都诗意地栖居在禅——这棵菩提树下。本书是现代禅意散文选。 |
| ● |
| 相关链接 |
|
|
|
正题名:菩提树下
索取号:I267/N063
 
预约/预借
| 序号 | 登录号 | 条形码 | 馆藏地/架位号 | 状态 | 备注 |
| 1 | 240076 | 202400767 | 文学库116/ [索取号:I267/N063] | 在馆 | |
| 2 | 240077 | 202400776 | 社科二线400B/400B社科库 26排3列1层/ [索取号:I267/N063] | 在馆 | |
| 3 | 240078 | 202400785 | 社科二线400B/400B社科库 26排3列1层/ [索取号:I267/N063] | 在馆 |